000 00326nam a22001457a 4500
008 230601b ||||| |||| 00| 0 eng d
020 _a9780134178967
041 _aeng
080 _2EIGHTH EDITION
_a51TOB
082 _a51TOB
100 _a23
101 _aMATE
245 _aINTERMEDIATE ALGEBRA
_cTOBEY
942 _2udc
_cBK
999 _c59907
_d59907